000 00856nam a2200253 i 4500
001 000032130
003 DO-SdBNP
005 20260213084920.0
007 ta
008 110712s2002 mx 000 0 spa d
040 _aDO-SdBNP
_bspa
_cBNPHU
_erda
082 4 _a
_b R426g 2002
_222
110 1 _aRepública Dominicana.
_bSecretaría de Estado de Educación
_9607
245 1 _aGestión educativa 2002 :
_brendición de cuentas
264 1 _aSanto Domingo
_bSecretaría de Estado de Educación ,
_c2002
300 _a2 volúmenes ;
_bilustraciones,
_c29 cm.
336 _2rdacontent
_atexto
_btxt
337 _2rdamedia
_asin mediación
_bn
338 _2rdacarrier
_avolumen
_bnc
505 0 _av.1.
_tRendición de cuentas
_gv.2.
_tRendición de cuentas (Resumen ejecutivo)
590 _aInventariado, 2023 / DG
910 _aDG
942 _2ddc
_cLBS1
999 _c54772
_d54772